[Event "Moscow Petrosian Memorial U18"]
[Site "Moscow"]
[Date "2009.01.??"]
[Round "2"]
[White "Kurukin, Dmitry"]
[Black "Tunian, Yury"]
[Result "1/2-1/2"]
[WhiteElo "2202"]
[BlackElo "2032"]
[PlyCount "108"]
[EventDate "2009.01.??"]
[EventType "swiss"]
[EventRounds "9"]
[EventCountry "RUS"]
[SourceTitle "EXT 2010"]
[Source "ChessBase"]
[SourceDate "2010.11.25"]
[SourceVersion "1"]
[SourceVersionDate "2010.11.25"]
[SourceQuality "1"]

1. e4 c5 2. Nf3 d6 3. Bb5+ Bd7 4. Bxd7+ Nxd7 5. d4 cxd4 6. Qxd4 Ngf6 7. Nc3 g6 8. Bg5 Bg7 9. 0-0 0-0 10. Qd2 Re8 11. h3 Rc8 12. Rfe1 Qc7 13. Be3 a6 14. Bd4 b5 15. a3 Ne5 16. Nxe5 dxe5 17. Be3 Red8 18. Qe2 e6 19. f3 Bf8 20. Kh2 Nd7 21. Red1 Bc5 22. Bg5 f6 23. Bh4 Bd4 24. Rd2 g5 25. Be1 Nb6 26. Rd3 Nc4 27. Ra2 Qc5 28. Nd1 Nb6 29. c3 Bg1+ 30. Kh1 Qc4 31. Rxd8+ Rxd8 32. Qxc4 bxc4 33. Ra1 Bc5 34. g4 Na4 35. Rc1 Rd3 36. Kg2 Kf7 37. Nf2 Bxf2 38. Kxf2 Nxb2 39. Rb1 Nd1+ 40. Ke2 Nxc3+ 41. Bxc3 Rxc3 42. Rb7+ Ke8 43. a4 Rc2+ 44. Ke3 Ra2 45. Rb4 c3 46. Rc4 Ra3 47. Kd3 Kd7 48. Rxc3 Rxc3+ 49. Kxc3 Kc6 50. Kb4 Kb6 51. a5+ Kc6 52. Kc4 Kd6 53. Kb4 f5 54. Kc4 fxe4 1/2-1/2

[Event "Moscow Petrosian Memorial U18"]
[Site "Moscow"]
[Date "2009.01.??"]
[Round "5"]
[White "Tunian, Yury"]
[Black "Mikhailov, Viacheslav"]
[Result "0-1"]
[WhiteElo "2032"]
[BlackElo "2096"]
[PlyCount "112"]
[EventDate "2009.01.??"]
[EventType "swiss"]
[EventRounds "9"]
[EventCountry "RUS"]
[SourceTitle "EXT 2010"]
[Source "ChessBase"]
[SourceDate "2010.11.25"]
[SourceVersion "1"]
[SourceVersionDate "2010.11.25"]
[SourceQuality "1"]

1. d4 Nf6 2. c4 e6 3. Nf3 Bb4+ 4. Bd2 Be7 5. e3 b6 6. Bd3 Bb7 7. Nc3 d5 8. Qe2 c5 9. 0-0 a6 10. cxd5 exd5 11. b3 0-0 12. Rac1 Nbd7 13. Rfd1 b5 14. dxc5 Nxc5 15. Bf5 Re8 16. Nd4 g6 17. Bc2 Bd6 18. f3 Qe7 19. Qf2 Rac8 20. Nce2 Ne6 21. Bd3 Ba3 22. Rxc8 Rxc8 23. Bc3 Nd7 24. Qg3 Ng7 25. Nc2 Bc5 26. Ned4 Bd6 27. Qe1 Nc5 28. Qd2 Qc7 29. Ba5 Bxh2+ 30. Kh1 Qg3 31. f4 Qh4 32. Nf3 Qg3 33. Nxh2 d4 34. Ne1 dxe3 35. Qb4 Nge6 36. Be2 Nxf4 37. Bf3 Bxf3 38. Nhxf3 Ncd3 39. Rxd3 Nxd3 40. Nxd3 Rc2 41. Nde1 Rf2 42. a4 g5 43. axb5 g4 44. Nh2 h5 45. bxa6 Qh4 46. Qc4 e2 47. Bb6 Rf1+ 48. Bg1 Rxg1+ 49. Kxg1 Qxe1+ 50. Nf1 Qxf1+ 51. Kh2 g3+ 52. Kh3 Qf5+ 53. Kh4 e1Q 54. a7 Qh1+ 55. Kxg3 h4+ 56. Qxh4 Qe1+ 0-1